Maiores Estádios de Futebol Brasileiros - Statistics

Estatísticas Gerais
  • Esse quiz foi jogado 239 vezes
  • A pontuação média é 15 de 30
Estatísticas das Respostas
Cap. # Estádio % Correto
78.838 RJ Maracanã
99%
66.975 SP Morumbi
93%
72.788 DF Mané Garrincha
89%
61.846 MG Mineirão
89%
63.903 CE Arena Castelão
85%
55.662 RS Arena do Grêmio
85%
40.159 MA João Castelo
85%
50.942 RS Beira-Rio
84%
47.605 SP Neo Química Arena
81%
43.713 SP Allianz Parque
80%
46.000 MG Arena MRV
65%
46.831 RJ Nilton Santos
65%
50.025 BA Arena Fonte Nova
54%
44.097 MT Arena Pantanal
48%
32.983 PE Ilha do Retiro
47%
46.154 PE Arena de Pernambuco
46%
40.502 PR Couto Pereira
45%
53.645 PA Mangueirão
43%
35.000 BA Barradão
40%
60.044 PE Arruda
39%
42.000 GO Serra Dourada
33%
44.000 AM Arena da Amazônia
31%
42.373 PR Ligga Arena
20%
53.350 MG Parque do Sabiá
14%
44.200 PI Albertão
6%
35.000 SP Olímpico da USP
6%
44.200 MS Morenão
5%
45.954 SP Prudentão
4%
35.000 PR Pinheirão
3%
32.936 SP Teixeirão
2%
Nenhum quiz correspondente encontrado
Distribuição das Pontuações
Porcentagem de Pessoas com Cada Pontuação
Percentil de Números Respondidos
Sua Pontuação Histórica
Você não jogou esse quiz